LEADER 03189nam0 2200385 450 001 000009057 005 20090224161059.0 012 $aO.R. dai- e-e- AMti (3) 1736 A$2fei$5UNIPARTHENOPE BORB-E-39/I 012 $at,us a-es t*is coct (7) 1736 (A)$2fei$5UNIPARTHENOPE BORB-E-39/II 100 $a20080218d1736----km-y0itay50------ba 101 0 $alat 102 $aRU 140 $ac---a---eba------yyybb1000-- 141 $aabfu0cc-$5UNIPARTHENOPE-------------------------------------------------------------- 200 1 $aMechanica siue Motus scientia analytice exposita auctore Leonhardo Eulero Academiae Imper. Scientiarum membro et Matheseos Sublimioris professore. ... Instar supplementi ad Commentar. Acad. Scient. Imper. Tomus 1. [-2.] 210 $aPetropoli$cex Typographia Academiae Scientiarum$d1736 215 $a2 v.$cill.$d4° 307 $aSegnatura vol. 1: [):(]-2[):(]4 A- 3P4 307 $aSegnatura vol. 2: ):(4 A-3Q4 3R2 316 $aVoll. 1-2: Legature in pergamena con dorsi in pelle su piatti di cartone (26x20x4 cm); dorsi con A., tit., numeri dei tomi e fregi impressi in oro; ivi, inoltre, etichette con antiche segnature, etichetta con l'attuale coll. a coprire coll. del Regio Istituto Superiore Navale; sui piatti cornici dorate; tagli in rosso; macchie di umidita, foxing$5UNIPARTHENOPE 317 $aVol. 1: Sulla controguardia ant. antiche segnature mss.: 2-H [n.i.]; 74 g 1 [n.i.]; ivi, inoltre, 2650 [n.i.]; sul r. della c. di g. ant. antiche segnature mss.: Class VII N.° 405 Ingress 2094, ripetuto a matita, del Registro inventario della Regia Marina Biblioteca dipartimentale di Napoli; ivi, inoltre, 509 class Dewey dell'IUN; ivi, inoltre, possessore: N. Fergola; timbro A della Reale Biblioteca di Marina: front., ):(2r ):(4, Y1r, 3P4v, c. di tav.$5UNIPARTHENOPE 317 $aVol. 2: Sulla controguardia ant. antiche segnature mss.: 2-H [n.i.]; 74 g 1 [n.i.]; ivi, inoltre, 2650 [n.i.]; sul r. della c. di g. ant. antiche segnature mss.: Class VII N.° 405 Ingress 2094, ripetuto a matita, del Registro inventario della Regia Marina Biblioteca dipartimentale di Napoli; ivi, inoltre, possessore: N. Fergola; timbro A della Reale Biblioteca di Marina: front., ):(2r, 2H4r, 3R2v, c. di tav.$5UNIPARTHENOPE 327 1 $aVol. 1: [16], 480 [i.e. 488] p., XIV c. di tav.$aVol. 2: [8], 500 p., XVII c. di tav.$aLe versioni digitali delle opere di Eulero sono disponibili all\2019URL: http://www.math.dartmouth.edu/~euler/ 620 $aRussia; Federazione di$dSan Pietroburgo 676 $a531 (Fisica)$v21 700 1$aEuler,$bLeonhard$08600 702 1$aFergola,$bN.$4390 712 02$aTipografija Akademija nauk$e 712 02$aDue Sicilie : Ministero della guerra e della marina$4390 801 0$aIT$bUNIPARTHENOPE$c20080218$gRICA$2UNIMARC 912 $a000009057 951 $aBORB-E-39/I$b2094 (1)$cFB$d2008 951 $aBORB-E-29/II$b2094 (2)$cFB$d2008 996 $aMechanica siue Motus scientia analytice exposita auctore Leonhardo Eulero Academiae Imper. Scientiarum membro et Matheseos Sublimioris professore. ... Instar supplementi ad Commentar. Acad. Scient. Imper. Tomus 1.$91205017 997 $aUNIPARTHENOPE LEADER 01076cam0 2200313 450 001 000002516 005 20180906153903.0 100 $a20010129d1975----km-y0itay50------ba 101 0 $aita 102 $aIT 105 $ay-------001yy 200 1 $a<>comunisti e l'economia italiana$e1944-1974$eantologia di scritti e documenti$fLuciano Barca, Franco Botta, Alberto Zevi 210 $aBari$cDe Donato$d1975 215 $a443 p.$d21 cm 225 2 $aMovimento operaio$v23 410 0$12001$aMovimento operaio 500 10$a<>comunisti e l'economia italiana$952565 610 1 $aPartito comunista italiano$aPolitica economica$a1944-1974 676 $a324.2 676 $a329$v18$9Scienza politica (politica e governo) 700 1$aBarca,$bLuciano$0121187 701 1$aBotta,$bFranco$0121020 701 1$aZevi,$bAlberto$0249084 801 0$aIT$bUNIPARTHENOPE$gRICA$2UNIMARC 912 $a000002516 951 $a324.2/100$b24357$cNAVA4$d20010130 951 $a126/36$bCNR/515/L$cNAVA2 996 $aComunisti e l'economia italiana$952565 997 $aUNIPARTHENOPE